| 000 | 00601nam a2200217 a 4500 | ||
|---|---|---|---|
| 001 | BRCA_9058 | ||
| 005 | 20190320210517.0 | ||
| 008 | 040917s--------sp-#######---#000-0#lat-# | ||
| 041 | _alat | ||
| 044 | _asp | ||
| 084 |
_aCO93 _b.C38 |
||
| 100 | 1 |
_aCavallario, Dominico _d1724-1781 _921259 |
|
| 245 | 1 | 0 | _aInstitutiones Juris Canonici. |
| 300 |
_a239 p. (t.5 pte.3) _c22.2 x 15.8 cm |
||
| 500 | _aEstado físico: presenta encuadernación en pergamino con cintas | ||
| 500 | _aSin portada | ||
| 546 | _aTexto en: latín | ||
| 650 | 1 | 4 |
_aDerecho canónico _921260 |
| 902 | _aCFM | ||
| 942 |
_2lcc _cB |
||
| 999 |
_c8708 _d8708 |
||